000 01203nam a2200325Ia 4500
001 Para_8023
003 CHAP
008 220125s2002 xx 000 0 und d
010 _a206952
040 _cCHAP
090 _aPA TESIS 1648
100 _aTecuautzin Paredes, Jorge Armando
_9173363
245 _aIncidencia y severidad de enfermedades del frijol (Phaseolus vulgaris L.) var. negro Chapingo al ser sembrado en altas densidades bajo el sistema de labranza cero de conservación /
_c por Jorge Armando Tecuautzin Paredes
260 _aChapingo, Méx. :
_b el autor
300 _a57 h.
502 _aTesis (Ing. Agr. Esp. en Parasitología Agrícola) -- UACh. Departamento Parasitología Agrícola
650 _aFrijol
_x enfermedades
_943367
650 _aFrijol
_x espaciamiento
_943373
650 _aFrijol
_x fechas de siembra
_943378
650 _aFrijol
_x rendimiento
_943429
650 _aLabranza cero
_964307
710 _aUACh. Departamento Parasitología Agrícola
_9164025
901 _aPA TESIS 1648
902 _aA
905 _a0000002002 n 0000000000 00
910 _a2002
942 _cPARA
942 _cPARA
_d1
999 _c206952
_d206952